| 000 | 00677cab a2200217 4500 | ||
|---|---|---|---|
| 001 | WB2722-23 | ||
| 008 | 090401t1991 xxu||||| |||| 00| 0 eng d | ||
| 035 | _a(Sirsi) u1882 | ||
| 041 | _aeng | ||
| 245 | _aImpact of new motorways | ||
| 260 | _c1991 | ||
| 350 | _a0 | ||
| 490 |
_aIndependent _v1/6/91 p6 |
||
| 520 | _aEC are to take legal action against the British Government to force it to carry out studies into possible environmental damage before building three motorways through beauty spots. | ||
| 650 | _aENVIRONMENTAL IMPACT ASSESSMENTS | ||
| 650 | _aM11 | ||
| 650 | _aM3 | ||
| 690 | _aENVIRONMENTAL AND LAND CONSULTANCY | ||
| 942 | _n0 | ||
| 948 | _c04/03/1997 | ||
| 999 |
_c1097 _d1097 |
||